History of modern China (1839-1980) (Record no. 96090)
[ view plain ]
| 000 -LEADER | |
|---|---|
| fixed length control field | 00479nam a2200193Ia 4500 |
| 003 - CONTROL NUMBER IDENTIFIER | |
| control field | OSt |
| 005 - DATE AND TIME OF LATEST TRANSACTION | |
| control field | 20221122090852.0 |
| 008 - FIXED-LENGTH DATA ELEMENTS--GENERAL INFORMATION | |
| fixed length control field | 210210b1985 xxu||||| |||| 00| 0 eng d |
| 040 ## - CATALOGING SOURCE | |
| Transcribing agency | AL |
| 041 ## - LANGUAGE CODE | |
| Language code of text/sound track or separate title | English |
| 082 ## - DEWEY DECIMAL CLASSIFICATION NUMBER | |
| Classification number | 951.03 SHIH |
| 100 ## - MAIN ENTRY--PERSONAL NAME | |
| Personal name | SHIV KUMAR and JAIN (S). |
| 9 (RLIN) | 63034 |
| 245 ## - TITLE STATEMENT | |
| Title | History of modern China (1839-1980) |
| 260 ## - PUBLICATION, DISTRIBUTION, ETC. | |
| Place of publication, distribution, etc. | New Delhi |
| Name of publisher, distributor, etc. | S. Chand & Co. Ltd |
| Date of publication, distribution, etc. | 1985 |
| 300 ## - PHYSICAL DESCRIPTION | |
| Extent | 177 |
| 690 ## - LOCAL SUBJECT ADDED ENTRY--TOPICAL TERM (OCLC, RLIN) | |
| Topical term or geographic name as entry element | Asian History |
| 9 (RLIN) | 63035 |
| 906 ## - LOCAL DATA ELEMENT F, LDF (RLIN) | |
| a | 047202 |
| 942 ## - ADDED ENTRY ELEMENTS (KOHA) | |
| Source of classification or shelving scheme | Dewey Decimal Classification |
| Koha item type | Book |
| Withdrawn status | Lost status | Source of classification or shelving scheme | Damaged status | Not for loan | Collection code | Home library | Current library | Date acquired | Cost, normal purchase price | Total Checkouts | Full call number | Barcode | Date last seen | Date last checked out | Price effective from | Koha item type | Total Renewals |
|---|---|---|---|---|---|---|---|---|---|---|---|---|---|---|---|---|---|
| Dewey Decimal Classification | History | St Aloysius Library | St Aloysius Library | 02/17/2021 | 7.00 | 3 | 951.03 SHIH | 032550 | 11/17/2022 | 11/15/2022 | 02/17/2021 | Book | |||||
| Dewey Decimal Classification | History | St Aloysius Library | St Aloysius Library | 02/17/2021 | 7.00 | 6 | 951.03 SHIH | 032549 | 11/17/2022 | 11/12/2022 | 02/17/2021 | Book | |||||
| Dewey Decimal Classification | History | St Aloysius Library | St Aloysius Library | 02/17/2021 | 14.00 | 4 | 951.03 SHIH | 047202 | 11/19/2022 | 11/08/2022 | 02/17/2021 | Book | 1 |